000
00259nam a2200109Ia 4500
008
220204s9999 xx 000 0 und d
082
_a
82-3
_b
GAR
100
_a
Garfield, Brian
245
4
_a
The Romanaov succession
260
_a
London
_b
Pan
_c
1977
942
_c
BK
999
_c
29468
_d
29468